British TV shows - Statistics

General Stats
  • This quiz has been taken 69 times
  • The average score is 17 of 51
Answer Stats
Hint Answer % Correct
Peter capaldi, Matt Smith, Jodie Whittaker Doctor who
90%
Alison King, William Roache, sally Dynevor, Tina O'Brien Coronation Street
78%
Hugh Bonneville, Michelle Dockery, Maggie Smith, Laura Carmichael Downton Abbey
78%
Martin freeman, Andrew Scott, Benedict Cumberbatch, Una Stubbs, Rupert graves Sherlock
75%
Emilia Fox, David Caves, Liz carr, Amanda Burton, Richard Lintern Silent Witness
75%
Kellie Bright, Maisie Smith, Rose Ayling-Ellis, Danny Dyer Eastenders
73%
Cillian Murphy, Helen McCrory, Paul Anderson, Tom Hardy, Sophie Rundle Peaky Blinders
73%
Ricky gervais, Martin Freeman, Mackenzie crook the Office
69%
Claire king, Daisy Campbell, Amy Walsh emmerdale
65%
Eleanor Tomlinson, Aidan Turner, Heida Reeed, Jack Farthing Poldark
65%
Vicky McClure, Martin Compston, Adrian Dunbar, kelly macdonald Line of Duty
63%
Jenny Agutter, Helen George, Pam Ferris, Judy Parfitt Call the Midwife
59%
Idris Elba, Ruth Wilson, Warren Brown, Indira Varma, Aimee Ffion Edwards Luther
55%
Nicola Coughlan, Saoirse Monica jackson, Louisa Harland Derry Girls
53%
Kieron Richardson, Nick Pickard, jennifer Metcalfe Hollyoaks
53%
David tennant, Olivia Colman, Jodie Whittaker, Andrew Buchanan, Jonathon Bailey Broadchurch
51%
Jodie Comer, Edward Bluemel, Fiona Shaw Killing eve
51%
John barrowman, Eve Myles, Burn Gorman, Naoko Mori, Gareth david Jones Torchwood
49%
Keeley hawes, Richard Madden Bodyguard
47%
Maisie Williams, Sophie Turner, Peter Dinklage, Lena Headey, Kit Harrington Game of thrones
47%
Claire Foy, Matt Smith, Olivia Colman, Tobias Menzies, Imelda Staunton The Crown
45%
Suranne Jones, Sophie Rundle, gemma Whelan Gentleman jack
43%
Rege Jean-Page, Ruth Gemmell, Nicole Coughlan, Jonathon Bailey, Adjoa Andoh Bridgerton
39%
Mark Rylance, Damian Lewis, Claire Foy, Anton Lesser, Jessica raine Wolf Hall
27%
ben Daniels, Bill Paterson, Freema Agyeman, Bradley Walsh, Peter Davison Law and Order Uk
25%
Jonathon Rhys Myers, Natalie Dormer, henry Cavill, Sarah Bolger, Annabelle Wallis The Tudors
25%
Bradley james, Colin Morgan, Katie McGrath, Anthony Head Merlin
24%
Gillian Anderson, Jamie Dornan The Fall
24%
Hannah Murray, Nicholas Hoult, Kaya Scodelario Skins
22%
Elizabeth Sladen, Tommy Knight, Daniel Anthony, Yasmin Page Sarah Jane Adventures
18%
David Tennant, Michael Sheen, Jon Hamm, Frances McDormand Good Omens
14%
Tom Burke, Holiday grainger, Kerr Logan, Natasha O'Keefe Strike
14%
Tom Hughes, jenna Coleman, Alex Jennings Victoria
14%
Suranne Jones, paterson Joseph, Lauren Lyle, Rose Leslie Vigil
14%
Toby Whithouse, Aidan turner, Lenora Crichlow being Human
12%
Dafne Keen, James McAvoy, Ruth Wilson, Amir Wilson, Lin Manuel Miranda His Dark materials
12%
Ruth Bradley, Gemma Chan, Lucy Carless, Pixie Davies, rebecca Front Humans
12%
Sam Heughan, Caitriona Balfe, Richard Rankin outlander
12%
Henry Cavill, Anya Chalotra, Freya Allan, Joey Batey, MyAnna Buring The Witcher
12%
Matthew Goode, Alex kingston, Owen teale, steven cree a discovery of witches
10%
Jeremy Piven, Aisling Loftus, Katherine Kelly, trystan Gravelle Mr Selfridge
8%
Polly Walker, Ray Stevenson, James Purefoy, Tobias Menzies, Ciaran Hinds Rome
8%
Alexandra park, William Moseley, Tom Austen, Elizabeth Hurley, jake Maskall The Royals
6%
Tatiana Maslany, Jordan Gavaris, Kristian Bruun, Dylan Bruce Orphan Black
4%
Hugh Laurie, Helen McCrory, Millie Brady Roadkill
4%
Theo james, Rose Williams, Leo Suter, Ben Lloyd Hughes, Ruth kearney Sanditon
4%
Tom Hiddleston, Benedict Cumberbatch, Sophie Okonedo the Hollow crown
4%
Alexander Dreymon, Emily Cox, Mark Rowley, Timothy Innes the last kingdom
4%
Charlotte Hope, Harriet Walter, Elliot Cowan, Ruairi O'Connor The Spanish Princess
4%
Jodie Comer, Michelle Fairley, Jacob Levy- Collins, Suki Waterhouse The White Princess
4%
Janet McTeer, Rebecca ferguson, Max irons, James frain, David Oakes, Eleanor tomlinson The White Queen
4%
No matching quizzes found
Score Distribution
Percent of People with Each Score
Percentile by Number Answered
Your Score History
You have not taken this quiz